Krazy 4 (Record no. 19472)

MARC details
000 -LEADER
fixed length control field 03043ngm a2200493 4500
003 - CONTROL NUMBER IDENTIFIER
control field dpl
005 - DATE AND TIME OF LATEST TRANSACTION
control field 2008120409469.0
007 - PHYSICAL DESCRIPTION FIXED FIELD--GENERAL INFORMATION
fixed length control field DVD
008 - FIXED-LENGTH DATA ELEMENTS--GENERAL INFORMATION
fixed length control field ||||||sp199 xxu|||||c ||| 00| 0 ng d
010 ## - LIBRARY OF CONGRESS CONTROL NUMBER
LC control number DVD-001382-1384 & DVD-004826-4831
024 ## - OTHER STANDARD IDENTIFIER
Standard number or code TSDVD-2352
Terms of availability 49.00
035 ## - SYSTEM CONTROL NUMBER
System control number DVD-001382-1384
035 ## - SYSTEM CONTROL NUMBER
System control number DVD-004826-4831
040 ## - CATALOGING SOURCE
Original cataloging agency DPL
Transcribing agency DPL
082 ## - DEWEY DECIMAL CLASSIFICATION NUMBER
Classification number DVD / KRAZ
245 ## - TITLE STATEMENT
Title Krazy 4
Statement of responsibility, etc Filmkraft Productions (India) Pvt. Ltd. Presents
Medium [videorecording] DVD/
260 ## - PUBLICATION, DISTRIBUTION, ETC. (IMPRINT)
Name of publisher, distributor, etc Super Cassette Industries Pvt. Ltd.
300 ## - PHYSICAL DESCRIPTION
Extent 1 videodisc DVD;
Other physical details sd., col. ;
Dimensions 4 3/4 in.
Type of unit DVD
440 ## - SERIES STATEMENT/ADDED ENTRY--TITLE
Title T-Series Home Entertainment
500 ## - GENERAL NOTE
General note Digitally Re-Mastered From the Original Film
538 ## - SYSTEM DETAILS NOTE
System details note Dolby Digital 5.1 - Hindi Subtitles: English
538 ## - SYSTEM DETAILS NOTE
System details note Anamorphic Wide Screen Format, Presented 2:35.1 Aspect Ratio Enhanced for 16:9 Wide Screen
650 ## - SUBJECT ADDED ENTRY--TOPICAL TERM
Topical term or geographic name as entry element Motion Picture
700 ## - ADDED ENTRY--PERSONAL NAME
Personal name Sem, Jaideep
700 ## - ADDED ENTRY--PERSONAL NAME
Personal name Roshan,
700 ## - ADDED ENTRY--PERSONAL NAME
Personal name Burman, R. D.
700 ## - ADDED ENTRY--PERSONAL NAME
Personal name Jeetendra
700 ## - ADDED ENTRY--PERSONAL NAME
Personal name Hema Malini
700 ## - ADDED ENTRY--PERSONAL NAME
Personal name Tagore, Sharmila
700 ## - ADDED ENTRY--PERSONAL NAME
Personal name Farida Jalal
700 ## - ADDED ENTRY--PERSONAL NAME
Personal name Om Shivpuri
942 ## - ADDED ENTRY ELEMENTS (KOHA)
Koha item type CD-ROMs, DVDs, VHS
Source of classification or shelving scheme Dewey Decimal Classification
Classification part DVD
Call number suffix KHUS
Holdings
Withdrawn status Lost status Source of classification or shelving scheme Damaged status Not for loan Home library Current library Date acquired Source of acquisition Cost, normal purchase price Total Checkouts Full call number Barcode Date last seen Date checked out Copy number Cost, replacement price Price effective from Koha item type
    Dewey Decimal Classification     Central Library Central Library 04/12/2008 Purchase 49.00 20 DVD KHUS DVD-001382 20/09/2013 05/09/2013 1 49.00 04/12/2008 CD-ROMs, DVDs, VHS
    Dewey Decimal Classification     Janak Puri Janak Puri 18/11/2009 Pioneers/885/29-10-09/325/13-10-09 /06-11-09 49.00 15 DVD KHUS DVD-004826 30/10/2012 16/10/2012 1 49.00 18/11/2009 CD-ROMs, DVDs, VHS
    Dewey Decimal Classification     Karol Bagh Karol Bagh 18/11/2009 Pioneers/885/29-10-09/325/13-10-09 /06-11-09 49.00 5 DVD KHUS DVD-004829 15/03/2014 11/03/2014 1 49.00 18/11/2009 CD-ROMs, DVDs, VHS
    Dewey Decimal Classification     Narela Narela 18/11/2009 Pioneers/885/29-10-09/325/13-10-09 /06-11-09 49.00 10 DVD KHUS DVD-004830 20/07/2011 12/07/2011 1 49.00 18/11/2009 CD-ROMs, DVDs, VHS
    Dewey Decimal Classification     Patel Nagar Patel Nagar 04/12/2008 Purchase 49.00 23 DVD KHUS DVD-001384 26/12/2010 24/12/2010 1 49.00 04/12/2008 CD-ROMs, DVDs, VHS
    Dewey Decimal Classification     R.K.Puram-8 R.K.Puram-8 18/11/2009 Pioneers/885/29-10-09/325/13-10-09 /06-11-09 49.00 6 DVD KHUS DVD-004827 03/06/2013 31/05/2013 1 49.00 18/11/2009 CD-ROMs, DVDs, VHS
    Dewey Decimal Classification     Sarojini Nagar Sarojini Nagar 04/12/2008 Purchase 49.00 9 DVD KHUS DVD-001383 17/04/2009 13/04/2009 1 49.00 04/12/2008 CD-ROMs, DVDs, VHS
    Dewey Decimal Classification     Shahdara Branch Shahdara Branch 18/11/2009 Pioneers/885/29-10-09/325/13-10-09 /06-11-09 49.00   DVD KHUS DVD-004831 18/11/2009   1 49.00 18/11/2009 CD-ROMs, DVDs, VHS
    Dewey Decimal Classification     Vinoba Puri Vinoba Puri 18/11/2009 Pioneers/885/29-10-09/325/13-10-09 /06-11-09 49.00 5 DVD KHUS DVD-004828 10/06/2015 04/06/2015 1 49.00 18/11/2009 CD-ROMs, DVDs, VHS

© Delhi Public Library
Hit Counter
free hit counter